Pháp luật an sinh xã hội : kinh nghiệm của một số nước đối với Việt Nam (sách chuyên khảo)
Tổng quan về an sinh xã hội. Giới thiệu về pháp luật an sinh xã hội của một số nước như: Hoa Kỳ, Đức, Nga. Trình bày những vấn đề pháp luật về an sinh xã hội của Việt Nam
Tallennettuna:
| Päätekijä: | |
|---|---|
| Aineistotyyppi: | Kirja |
| Kieli: | Undetermined |
| Julkaistu: |
Hà Nội
Chính trị Quốc gia - Sự thật
2011
|
| Aiheet: | |
| Tagit: |
Lisää tagi
Ei tageja, Lisää ensimmäinen tagi!
|
| Thư viện lưu trữ: | Trung tâm Học liệu Trường Đại học Cần Thơ |
|---|
| LEADER | 01027nam a2200217Ia 4500 | ||
|---|---|---|---|
| 001 | CTU_177107 | ||
| 008 | 210402s9999 xx 000 0 und d | ||
| 020 | |c 59000 | ||
| 082 | |a 344.03 | ||
| 082 | |b H103 | ||
| 100 | |a Trần, Hoàng Hải | ||
| 245 | 0 | |a Pháp luật an sinh xã hội : | |
| 245 | 0 | |b kinh nghiệm của một số nước đối với Việt Nam (sách chuyên khảo) | |
| 245 | 0 | |c Trần Hoàng Hải, Lê Thị Thúy Hương | |
| 260 | |a Hà Nội | ||
| 260 | |b Chính trị Quốc gia - Sự thật | ||
| 260 | |c 2011 | ||
| 520 | |a Tổng quan về an sinh xã hội. Giới thiệu về pháp luật an sinh xã hội của một số nước như: Hoa Kỳ, Đức, Nga. Trình bày những vấn đề pháp luật về an sinh xã hội của Việt Nam | ||
| 650 | |a Law of social security,Luật an sinh xã hội | ||
| 910 | |a Nguyên | ||
| 980 | |a Trung tâm Học liệu Trường Đại học Cần Thơ | ||